00574nam a2200169Ia 4500008004100000020001800041022001500059040001300074082002100087245010500108260004800213300003000261500005200291650002300343700001800366700002000384191130s2004##################000#0#eng## a9780521814072 a2003055141 aACLcACL a330.01519232 ZEL aThe structural econometric time series analysis approachcedited by Arnold Zellner and Franz C. Palm aCambridgebCambridge University Pressc2004 axv, 718 p. : ill. ; 24 cm aIncludes bibliographical references and indexes aEconometric models aPalm, Franz C aZellner, Arnold